|
|
|
|
| LEADER |
00000nab#a22000007a#4500 |
| 001 |
arbauad029898 |
| 003 |
AR-BaUAD |
| 005 |
20250711112419.0 |
| 008 |
980209|||||||||###||||||b###|0###a|spa|| |
| 040 |
|
|
|a AR-BaUAD
|c AR-BaUAD
|b spa
|
| 245 |
1 |
0 |
|a Campus Aveiro
|
| 300 |
0 |
|
|b axonom., cortes, fot., plantas, vistas
|
| 653 |
|
|
|a PORTUGAL
|
| 653 |
|
|
|a MOURA, EDUARDO SOUTO DE
|
| 653 |
|
|
|a ARQUITECTURA EDUCACIONAL
|
| 653 |
|
|
|a BIBLIOTECAS
|
| 653 |
|
|
|a CENTROS DEPORTIVOS
|
| 653 |
|
|
|a GIMNASIOS
|
| 653 |
|
|
|a ARQUITECTURA DEPORTIVA
|
| 653 |
|
|
|a SIZA, ALVARO
|
| 653 |
|
|
|a BYRNE, GONCALO
|
| 653 |
|
|
|a SOUTHINO, ALCINO
|
| 653 |
|
|
|a DIAS, ADALBERTO
|
| 653 |
|
|
|a ALMEIDA-CARVALHO
|
| 653 |
|
|
|a CARVALHO, VICTOR
|
| 653 |
|
|
|a ALMEIDA, JOAO
|
| 653 |
|
|
|a CIUDADES UNIVERSITARIAS
|
| 653 |
|
|
|a CAMPUS AVEIRO
|
| 653 |
|
|
|a UNIVERSIDAD DE AVEIRO
|
| 653 |
|
|
|a AVEIRO
|
| 773 |
0 |
|
|t CASABELLA
|g no. 643 [1997], p. 10-55
|
| 942 |
|
|
|c ARTI
|
| 952 |
|
|
|0 0
|1 0
|4 0
|7 0
|9 74817
|a AR-BAuAD
|b AR-BAuAD
|d 2025-07-11
|l 0
|p AAQA029898
|r 2025-07-11 11:24:19
|w 2025-07-11
|y ARTI
|
| 990 |
|
|
|a AQ199
|b TD
|
| 998 |
|
|
|a AAQ
|b BIBUN76
|
| 999 |
|
|
|c 54490
|d 54490
|